000 00588nam a2200169 4500
001 149061
003 ES-MaACL
005 20230906202931.0
007 t|
008 070214q1903 fr r ||||1| fre d
100 1 _aSverdrup, Otto.
_9108902
245 1 0 _aSecond voyage du `Fram` de Nansen
_b: quatre années dans les glaces du Pôle /
_cOtto Sverdrup ; traduit et abrégé par Charles Rabot.
260 _aParis :
_bE. Flammarion,
_c[1903?] (
_fImp. Hemmerle et Cie.)
300 _aIII. 430 p. :
_bil. ;
_c22 x 15 cm.
700 1 _aRabot, Charles.
_994871
852 _aES-MaACL
_jC-1976
999 _c149061
_d149061